00452nam a2200181 a 4500001001300000003000900013005001700022008004100039020001000080082001300090100002100103245002600124260003200150300000800182500003500190650002400225700002100249nice12345678IN_TiNIC20260116011413.0070621s1957 leba grp 000 0 eng  ac10000a201bNOR aNorthcott, Cecil aLivingstone in Africa aLebononbNo Publisherc1957 a83p aincludes index and biblioraphy aChristian-Biography1 aNorthcott, Cecil